000 00312nam a22001337a 4500
008 170628b xxu||||| |||| 00| 0 eng d
020 _a9780312248734
041 _aeng
080 _a82
100 _a21
101 _agjl
245 _aTHE BEDFORD ANTHOLOGY WORLD LITERATURE
_cDAVIS.P
942 _2udc
_cBK
999 _c19353
_d19353